00720cam a22002531 4500001001300000003000400013005001700017008004100034010001700075025002000092035002000112040002500132042001200157050001600169100002700185245006100212250001600273260006800289300002700357500002600384500001600410650002300426999001700449sa 68010814 DLC20260227112555.0900226s1968 ii c 000 0 panr  asa 68010814  aPL480:I-Pu-1196 a(OCoLC)21122341 aDLCcMiEMdMiEMdDLC apremarc00aPK2656b.D51 aDilgir, Hardev,d1939-10aCāa Mukalāwe dā.c[Lekhaka] Haradewa 'Dilagīra.' a[1. Wāra. aAmritasara,bBhāī Catara Siṅgha Jīwana Siṅgha,c1968] a134 p.bports.c19 cm. aWithout the notation. aIn Panjabi. 0aFolk songszIndia. c83566d83566